| 000 | 00694nam a2200217Ia 4500 | ||
|---|---|---|---|
| 005 | 20251209124703.0 | ||
| 008 | 210716s2008 xx 000 0 und d | ||
| 020 | _a0849318157 | ||
| 040 | _cAIMIT LIBRARY | ||
| 041 | _aeng | ||
| 082 |
_a005.762 _21 _bTHUB |
||
| 100 |
_aThuraisingham, Bhavani. _947185 |
||
| 245 |
_aData mining : _btechnologies techniques tools and trends / _cBy Bhavani Thuraisingham. |
||
| 250 | _a1st ed. | ||
| 260 |
_aNew Delhi : _bAne Books India , _c2008. |
||
| 300 |
_axii, 270p. ; _c22.5 cm. _bPB |
||
| 650 |
_aDatabase systems _947186 |
||
| 650 |
_aThe process of data mining _947187 |
||
| 650 |
_aData mining tools _947188 |
||
| 942 |
_2ddc _cBK _e1st _k005.762 THUB |
||
| 999 |
_c190401 _d190401 |
||